Pulgones : características morfológicas y biológicas.especies de mayor importancia agrícola /

Guardado en:
Autor Principal: Quintanilla, Raúl H.
Formato: Libro
Publicado: Buenos Aires : Hemisferio Sur, 1979
Materias:
Etiquetas: Agregar Etiqueta
Sin Etiquetas, Sea el primero en etiquetar este registro!
LEADER 01010nam a22002295a 4500
001 CEM.cems016085
008 130507s1979##################000#0#####d
005 20210914184626.0
003 CEMS
245 1 0 |a Pulgones :  |b características morfológicas y biológicas.especies de mayor importancia agrícola /  |c Raúl H. Quintanilla 
260 |a Buenos Aires :  |b Hemisferio Sur,  |c 1979 
300 |a 44 p. 
505 0 |a Generalidades sobre los pulgones, importancia y daños que causan -- Morfología externa -- Biología -- Sistemática -- Procedimientos de lucha -- Descripción de algunas especies de la familia Aphididae -- Lista de pulgones perjudiciales a los cultivos de la Argentina 
100 1 |a Quintanilla, Raúl H. 
082 0 4 |a 595.75 
653 |a Homopteros 
653 |a Plagas agrícolas 
653 |a Pulgones-argentina 
653 |a Pulgón 
653 |a Zoología 
859 |a CEMS  |b BIB. CEMS - Agricultura  |h 595.75  |i Q46  |p A16004.90  |t Ej.1 
859 |a CEMS  |b BIB. CEMS - Agricultura  |h 595.75  |i Q46  |p A1485.11  |t Ej.2